Logo Biblioteca

1000 millones : (Registro nro. 496)

Detalles MARC
000 -LEADER
fixed length control field 01470nam a22002537a 4500
003 - CONTROL NUMBER IDENTIFIER
control field OSt
005 - DATE AND TIME OF LATEST TRANSACTION
control field 20250923160502.0
008 - FIXED-LENGTH DATA ELEMENTS--GENERAL INFORMATION
fixed length control field 250515t2014 ag |||||r|||| 00| p spa d
020 ## - INTERNATIONAL STANDARD BOOK NUMBER
International Standard Book Number 978-987-1912-36-0
040 ## - CATALOGING SOURCE
Transcribing agency AR-RoUNCS
080 ## - UNIVERSAL DECIMAL CLASSIFICATION NUMBER
Authority record control number or standard number 82-1(460)
245 00 - TITLE STATEMENT
Title 1000 millones :
Remainder of title poesía en lengua española del siglo XXI /
Statement of responsibility, etc. selección, edición y prólogo, D.G. Helder, Daiana Henderson, Bernardo Orge.
246 3# - VARYING FORM OF TITLE
Title proper/short title Mil millones :
Remainder of title poesía en lengua española del siglo XXI.
250 ## - EDITION STATEMENT
Edition statement 1a ed.
260 ## - PUBLICATION, DISTRIBUTION, ETC.
Place of publication, distribution, etc. Rosario :
Name of publisher, distributor, etc. Editorial Municipal de Rosario,
Date of publication, distribution, etc. 2014.
300 ## - PHYSICAL DESCRIPTION
Extent 360 p. ;
Dimensions 21 cm.
505 0# - FORMATTED CONTENTS NOTE
Formatted contents note Escriben: Mara Pastor ; Jeymer Gamboa ; Charly Gradin ; Glaem Parls ; Martín Batallés ; Lizabel Mónica ; Francisco Bitar ; Maggie Torres ; Francisco Tomsich ; Tilsa Otta ; Víctor López Zumelzu ; Laura Jaramillo ; Emma Villazón Richter ; Christian Kent ; Pablo Fidalgo Lareo ; Luis Eduardo García ; Julio Alberto Balcázar ; Pamela Romano ; Nadie ; Mayra Serra ; Ane Carrete ; Yaxkin Melchy ; Greta Montero Barra ; Gerardo Arana ; José Laura ; Berta García Faet ; Johanna Raabe ; Vicente Monroy ; Urpi Orihuela Cruz , Caterina Scicchiatano ; Kevin Castro ; Óscar García Sierra y Alexanda Espinosa.
650 #4 - SUBJECT ADDED ENTRY--TOPICAL TERM
Topical term or geographic name entry element LITERATURA
Geographic subdivision HISPANOAMERICANA
Chronological subdivision SIGLO XXI
655 #4 - INDEX TERM--GENRE/FORM
Genre/form data or focus term POESIA
700 1# - ADDED ENTRY--PERSONAL NAME
Personal name Helder, D. G.,
Relator term Selector
Dates associated with a name 1961-
700 1# - ADDED ENTRY--PERSONAL NAME
Personal name Henderson, Diana,
Relator term Selector
Dates associated with a name 1988-
700 1# - ADDED ENTRY--PERSONAL NAME
Personal name Orge, Bernardo,
Relator term selector
Dates associated with a name 1988-
942 ## - ADDED ENTRY ELEMENTS (KOHA)
Source of classification or shelving scheme Universal Decimal Classification
Koha item type Libro de préstamo a domicilio
Suppress in OPAC No
Existencias
Withdrawn status Lost status Source of classification or shelving scheme Damaged status Not for loan Collection Home library Current library Date acquired Source of acquisition Total checkouts Full call number Barcode Date last seen Price effective from Koha item type
    Universal Decimal Classification     Colección General Biblioteca Escuela de Ciencias Sociales Biblioteca Escuela de Ciencias Sociales 15/05/2025 Donación 2025 Jornada ESI   82-1(460) M637 001445 15/05/2025 15/05/2025 Libro de préstamo a domicilio
Biblioteca de la Escuela Preuniversitaria en Ciencias Sociales y Humanísticas.
Riobamba 250 bis.
CP 2000 - Rosario - Santa Fe
E-Mail: biblioteca@esociales.unr.edu.ar